Staaten - amtliche Bezeichnung - Statistiken

Allgemein
  • Dieses Quiz wurde 11 mal gespielt
  • Das Durchschnittsergebnis liegt bei 41 aus 196
Antwortstatistiken
Hint Antwort % Korrekt
Deutschland Bundesrepublik Deutschland
78%
Liechtenstein Fürstentum Liechtenstein
67%
Monaco Fürstentum Monaco
56%
China Volksrepublik China
56%
Kongo (DR) Demokratische Republik Kongo
44%
Mikronesien Föderierte Staaten von Mikronesien
44%
Luxemburg Großherzogtum Luxemburg
44%
Iran Islamische Republik Iran
44%
Belgien Königreich Belgien
44%
Niederlande Königreich der Niederlande
44%
Norwegen Königreich Norwegen
44%
Saudi-Arabien Königreich Saudi-Arabien
44%
Schweden Königreich Schweden
44%
Kongo Republik Kongo
44%
Malta Republik Malta
44%
Österreich Republik Österreich
44%
Polen Republik Polen
44%
Schweiz Schweizerische Eidgenossenschaft
44%
Vereinigte Staaten Vereinigte Staaten von Amerika
44%
Nordkorea Demokratische Volksrepublik Korea
33%
Frankreich Französische Republik
33%
Irland Irland
33%
Island Island
33%
Italien Italienische Republik
33%
Jamaika Jamaika
33%
Japan Japan
33%
Dänemark Königreich Dänemark
33%
Lesotho Königreich Lesotho
33%
Marokko Königreich Marokko
33%
Spanien Königreich Spanien
33%
Montenegro Montenegro
33%
Neuseeland Neuseeland
33%
Albanien Republik Albanien
33%
Angola Republik Angola
33%
Armenien Republik Armenien
33%
Aserbaidschan Republik Aserbaidschan
33%
Taiwan Republik China
33%
Irak Republik Irak
33%
Jemen Republik Jemen
33%
Südkorea Republik Korea
33%
Moldau Republik Moldau
33%
Mosambik Republik Mosambik
33%
Niger Republik Niger
33%
Panama Republik Panama
33%
Ruanda Republik Ruanda
33%
San Marino Republik San Marino
33%
Russland Russische Föderation
33%
Salomonen Salomonen
33%
Tschechien Tschechische Republik
33%
Antigua und Barbuda Antigua und Barbuda
22%
Australien Australien
22%
Barbados Barbados
22%
St. Kitts und Nevis Föderation St. Kitts und Nevis
22%
Andorra Fürstentum Andorra
22%
Kanada Kanada
22%
Bhutan Königreich Bhutan
22%
Eswatini Königreich Eswatini
22%
Thailand Königreich Thailand
22%
Mongolei Mongolei
22%
Nepal Nepal
22%
Bolivien Plurinationaler Staat Bolivien
22%
Portugal Portugiesische Republik
22%
Belarus Republik Belarus
22%
Benin Republik Benin
22%
Bulgarien Republik Bulgarien
22%
Burundi Republik Burundi
22%
Chile Republik Chile
22%
Costa Rica Republik Costa Rica
22%
Estland Republik Estland
22%
Finnland Republik Finnland
22%
Gambia Republik Gambia
22%
Ghana Republik Ghana
22%
Guatemala Republik Guatemala
22%
Guinea Republik Guinea
22%
Guinea-Bissau Republik Guinea-Bissau
22%
Honduras Republik Honduras
22%
Indien Republik Indien
22%
Indonesien Republik Indonesien
22%
Kamerun Republik Kamerun
22%
Kasachstan Republik Kasachstan
22%
Kenia Republik Kenia
22%
Kiribati Republik Kiribati
22%
Kosovo Republik Kosovo
22%
Lettland Republik Lettland
22%
Litauen Republik Litauen
22%
Malawi Republik Malawi
22%
Mali Republik Mali
22%
Mauritius Republik Mauritius
22%
Namibia Republik Namibia
22%
Nicaragua Republik Nicaragua
22%
Palau Republik Palau
22%
Paraguay Republik Paraguay
22%
Peru Republik Peru
22%
Senegal Republik Senegal
22%
Simbabwe Republik Simbabwe
22%
Slowenien Republik Slowenien
22%
Südafrika Republik Südafrika
22%
Südsudan Republik Südsudan
22%
Suriname Republik Suriname
22%
Tadschikistan Republik Tadschikistan
22%
Togo Republik Togo
22%
Usbekistan Republik Usbekistan
22%
St. Vincent und die Grenadinen St. Vincent und die Grenadinen
22%
Oman Sultanat Oman
22%
Tuvalu Tuvalu
22%
Vereinigte Arabische Emirate Vereinigte Arabische Emirate
22%
Zentralafrikanische Republik Zentralafrikanische Republik
22%
Ägypten Arabische Republik Ägypten
11%
Argentinien Argentinische Republik
11%
Belize Belize
11%
Venezuela Bolivarische Republik Venezuela
11%
Bosnien und Herzegowina Bosnien und Herzegowina
11%
Brunei Darussalam Brunei Darussalam
11%
Nigeria Bundesrepublik Nigeria
11%
Bahamas Commonwealth der Bahamas
11%
Dominica Commonwealth Dominica
11%
Äthiopien Demokratische Bundesrepublik Äthiopien
11%
Algerien Demokratische Volksrepublik Algerien
11%
Laos Demokratische Volksrepublik Laos
11%
Dominikanische Republik Dominikanische Republik
11%
Brasilien Föderative Republik Brasilien
11%
Gabun Gabunische Republik
11%
Georgien Georgien
11%
Jordanien Haschemitisches Königreich Jordanien
11%
Griechenland Hellenische Republik
11%
Afghanistan Islamische Republik Afghanistan
11%
Mauretanien Islamische Republik Mauretanien
11%
Pakistan Islamische Republik Pakistan
11%
Kirgisistan Kirgisische Republik
11%
Bahrain Königreich Bahrain
11%
Kambodscha Königreich Kambodscha
11%
Tonga Königreich Tonga
11%
Guyana Kooperative Republik Guyana
11%
Libanon Libanesische Republik
11%
Malaysia Malaysia
11%
Äquatorialguinea Republik Äquatorialguinea
11%
Botsuana Republik Botsuana
11%
Kap Verde Republik Cabo Verde
11%
Elfenbeinküste Republik Côte d'Ivoire
11%
Philippinen Republik der Philippinen
11%
Myanmar Republik der Union Myanmar
11%
Ecuador Republik Ecuador
11%
Fidschi Republik Fidschi
11%
Haiti Republik Haiti
11%
Kolumbien Republik Kolumbien
11%
Kroatien Republik Kroatien
11%
Kuba Republik Kuba
11%
Liberia Republik Liberia
11%
Madagaskar Republik Madagaskar
11%
Malediven Republik Malediven
11%
Marshallinseln Republik Marshallinseln
11%
Nauru Republik Nauru
11%
Nordmazedonien Republik Nordmazedonien
11%
Uruguay Republik Östlich des Uruguay
11%
Sambia Republik Sambia
11%
Serbien Republik Serbien
11%
Seychellen Republik Seychellen
11%
Sierra Leone Republik Sierra Leone
11%
Singapur Republik Singapur
11%
Sudan Republik Sudan
11%
Tschad Republik Tschad
11%
Türkei Republik Türkei
11%
Uganda Republik Uganda
11%
Vanuatu Republik Vanuatu
11%
Zypern Republik Zypern
11%
Rumänien Rumänien
11%
Slowakei Slowakische Republik
11%
Vietnam Sozialistische Republik Vietnam
11%
Eritrea Staat Eritrea
11%
Israel Staat Israel
11%
Katar Staat Katar
11%
Kuwait Staat Kuwait
11%
Vatikanstadt Staat Vatikanstadt
11%
St. Lucia St. Lucia
11%
Turkmenistan Turkmenistan
11%
Ukraine Ukraine
11%
Papua-Neuguinea Unabhängiger Staat Papua-Neuguinea
11%
Samoa Unabhängiger Staat Samoa
11%
Ungarn Ungarn
11%
Komoren Union der Komoren
11%
Mexiko Vereinigte Mexikanische Staaten
11%
Vereinigtes Königreich Vereinigtes Königreich Großbritannien und Nordirland
11%
Bangladesch Volksrepublik Bangladesch
11%
Syrien Arabische Republik Syrien
0%
Somalia Bundesrepublik Somalia
0%
Burkina Faso Burkina Faso
0%
São Tomé und Príncipe Demokratische Republik São Tomé und Príncipe
0%
Osttimor Demokratische Republik Timor-Leste
0%
Sri Lanka Demokratische Sozialistische Republik Sri Lanka
0%
Grenada Grenada
0%
Dschibuti Republik Dschibuti
0%
El Salvador Republik El Salvador
0%
Trinidad und Tobago Republik Trinidad und Tobago
0%
Libyen Staat Libyen
0%
Tunesien Tunesische Republik
0%
Tansania Vereinigte Republik Tansania
0%
Keine übereinstimmenden Quizze gefunden
Verteilung der Resultate
Anzahl Personen mit jedem Resultat
Perzentil nach korrekt beantworteten Fragen
Ihre Resultats-Entwicklung
Sie haben dieses Quiz noch nicht gespielt